000 00732nam a2200193 a 4500
003 0
005 20250220105939.0
008 110617s19uu xx 00 eng d
050 _aPHS LB 2343.4
_b.C26 2011
100 _aCastaneda, Juan Miguel.
245 _aThe level of adaptation between private and public high school graduates to college life /
_cJuan Miguel Castaneda.
260 _aLas PiƱas City, Philippines :
_bSouthville International School and Colleges,
_c2011.
300 _a27 pages :
_billustrations ;
_c28 cm.
504 _aIncludes bibliographical references.
650 _aAdaptation to college life.
650 _aPrivate high school graduates.
650 _aPublic high school graduates.
942 _2lcc
_cPASS
999 _c98510
_d98510